000 00301nam a22001337a 4500
008 181022b xxu||||| |||| 00| 0 eng d
020 _a9780898793697
041 _aeng
080 _a821
100 _a21
101 _aGJL
245 _aDiscovering The Writer Within
_cBallenger, B
942 _2udc
_cBK
999 _c50560
_d50560